| 000 | 00608nam a2200169 4500 | ||
|---|---|---|---|
| 001 | 113714 | ||
| 003 | ES-MaACL | ||
| 005 | 20230906190002.0 | ||
| 007 | t| | ||
| 008 | 061121s1978 sp r ||||1| spa d | ||
| 111 | 2 |
_aColoquio de Juristas Árabes sobre Palestina ( _d1967. _cArgel) _992 |
|
| 245 | 1 | 0 |
_aColoquio de Juristas Arabes sobre Palestina _b: los palestinos y sus derechos, 22-27 de julio de 1967 / _ctraducción: Rodolfo Aráoz Alfaro. |
| 260 |
_aMadrid : _bFundamentos, _c1978. |
||
| 300 |
_a231 p. ; _c19 cm. |
||
| 700 | 1 |
_aAráoz Alfaro, Rodolfo. _922342 |
|
| 852 |
_aES-MaACL _jA-10231 _bR.98766 |
||
| 999 |
_c113714 _d113714 |
||